Difficult - Gracie Abrams - Statistics

General Stats
  • This quiz has been taken 27 times
  • The average score is 279 of 316
Answer Stats
Hint Answer % Correct
a
100%
and
100%
back
100%
difficult
100%
Post-Chorus Difficult
100%
does
100%
feel
100%
go
100%
home
100%
I
100%
(I)
100%
I
100%
invisible
100%
know
100%
miserable
100%
Chorus Oh
100%
oh
100%
probably
100%
should
100%
spiralin'
100%
why
100%
be
95%
guess
95%
he
95%
hope
95%
i'm
95%
is
95%
isn't
95%
just
95%
knows
95%
Verse 1 My
95%
my
95%
no
95%
one
95%
so
95%
some
95%
that
95%
this
95%
up
95%
wake
95%
been
90%
double
90%
every
90%
if
90%
i've
90%
Bridge I've
90%
move
90%
only
90%
out
90%
parents
90%
someone
90%
think
90%
to
90%
Verse 2 To
90%
vision
90%
year
90%
but
85%
everythin'
85%
i'd
85%
i'll
85%
it
85%
it's
85%
listen
85%
me
85%
of
85%
scared
85%
terrible
85%
thinkin'
85%
amplifyin'
80%
attached
80%
condition
80%
death
80%
less
80%
slippin'
80%
'til
80%
we
80%
would
80%
bored
75%
fault
75%
feelin'
75%
her
75%
name
75%
one's
75%
therapist
75%
what
75%
where
75%
commitment
70%
drinkin'
70%
missin'
70%
really
70%
somethin'
70%
speakin'
70%
take
70%
there's
70%
was
70%
when
70%
away
65%
call
65%
did
65%
fell
65%
had
65%
hundred
65%
kind
65%
never
65%
over
65%
said
65%
sometimes
65%
stayin'
65%
tell
65%
thousand
65%
weekend
65%
were
65%
years
65%
you
65%
also
60%
bad
60%
'cause
60%
decisions
60%
grievin'
60%
late
60%
things
60%
through
60%
too
60%
blue
55%
colored
55%
hated
55%
how
55%
mean't
55%
run
55%
fix
50%
left
50%
thought
45%
here
40%
ranting
40%
eventually
35%
(Mm)
35%
relivin'
30%
No matching quizzes found
Score Distribution
Percent of People with Each Score
Percentile by Number Answered
Your Score History
You have not taken this quiz